000 00560nam a2200205Ia 4500
005 20240531094309.0
008 131103s9999 xx 000 0 und d
040 _aLoreto College
041 _aEnglish
082 _a510.7
_bFOX
100 _aFox, J.L
245 _aOperations with sets and numbers
_cJ.L. Fox and D. Plaing
260 _aLondon
_bOxford university press
_c1973
300 _a43p.
_b ill.
504 _aThe new mathematics for primary teachers
650 _aMathematics - method
700 _aPlaing, D
850 _aLCBED
942 _cBK
999 _c28362
_d78841